<?xml version="1.0" encoding="UTF-8"?>
<record
    xmlns:xsi="http://www.w3.org/2001/XMLSchema-instance"
    xsi:schemaLocation="http://www.loc.gov/MARC21/slim http://www.loc.gov/standards/marcxml/schema/MARC21slim.xsd"
    xmlns="http://www.loc.gov/MARC21/slim">

  <leader>01004nam a22001817a 4500</leader>
  <datafield tag="999" ind1=" " ind2=" ">
    <subfield code="c">62024</subfield>
    <subfield code="d">62024</subfield>
  </datafield>
  <controlfield tag="003">Ge_BSU</controlfield>
  <controlfield tag="005">20240624163411.0</controlfield>
  <controlfield tag="008">240624s1981    ge ||||| |||| 00| 0 geo d</controlfield>
  <datafield tag="041" ind1=" " ind2=" ">
    <subfield code="a">geo</subfield>
  </datafield>
  <datafield tag="080" ind1=" " ind2=" ">
    <subfield code="a">613.955(075.8) &#x10E1;-90</subfield>
  </datafield>
  <datafield tag="100" ind1=" " ind2=" ">
    <subfield code="a">&#x10E1;&#x10E2;&#x10E3;&#x10E0;&#x10E3;&#x10D0;, &#x10D2;.</subfield>
    <subfield code="9">22557</subfield>
  </datafield>
  <datafield tag="245" ind1=" " ind2=" ">
    <subfield code="a">&#x10E1;&#x10D0;&#x10E1;&#x10D9;&#x10DD;&#x10DA;&#x10DD; &#x10F0;&#x10D8;&#x10D2;&#x10D8;&#x10D4;&#x10DC;&#x10D0; :</subfield>
    <subfield code="b">&#x10D3;&#x10D0;&#x10DB;&#x10EE;&#x10DB;. &#x10E1;&#x10D0;&#x10EE;&#x10D4;&#x10DA;&#x10DB;&#x10EB;&#x10E6;&#x10D5;. &#x10DE;&#x10D4;&#x10D3;. &#x10D8;&#x10DC;-&#x10E2;&#x10D8;&#x10E1; &#x10E1;&#x10E2;&#x10E3;&#x10D3;&#x10D4;&#x10DC;&#x10E2;&#x10D4;&#x10D1;&#x10D8;&#x10E1;&#x10D0;&#x10D7;&#x10D5;&#x10D8;&#x10E1; /</subfield>
    <subfield code="c">&#x10D2;. &#x10E1;&#x10E2;&#x10E3;&#x10E0;&#x10E3;&#x10D0; ; &#x10E1;&#x10D0;&#x10E5;. &#x10E1;&#x10E1;&#x10E0; &#x10E3;&#x10DB;&#x10D0;&#x10E6;&#x10DA;. &#x10D3;&#x10D0; &#x10E1;&#x10D0;&#x10E8;. &#x10E1;&#x10DE;&#x10D4;&#x10EA;. &#x10D2;&#x10D0;&#x10DC;&#x10D0;&#x10D7;&#x10DA;. &#x10E1;&#x10D0;&#x10DB;&#x10D8;&#x10DC;&#x10D8;&#x10E1;&#x10E2;&#x10E0;&#x10DD;&#x10E1; &#x10E3;&#x10DB;&#x10D0;&#x10E6;&#x10DA;. &#x10D2;&#x10D0;&#x10DC;&#x10D0;&#x10D7;&#x10DA;. &#x10E1;&#x10D0;&#x10DB;&#x10D4;&#x10EA;. &#x10DB;&#x10D4;&#x10D7;&#x10DD;&#x10D3;. &#x10D9;&#x10D0;&#x10D1;-&#x10E2;&#x10D8;.</subfield>
  </datafield>
  <datafield tag="264" ind1=" " ind2=" ">
    <subfield code="a">&#x10D7;&#x10D1;. : </subfield>
    <subfield code="b">&#x10D7;&#x10D1;&#x10D8;&#x10DA;. &#x10E3;&#x10DC;-&#x10E2;&#x10D8;&#x10E1; &#x10D2;&#x10D0;&#x10DB;-&#x10D1;&#x10D0;, </subfield>
    <subfield code="c">1981.</subfield>
  </datafield>
  <datafield tag="300" ind1=" " ind2=" ">
    <subfield code="a">112 &#x10D2;&#x10D5;. ; </subfield>
    <subfield code="b">20 &#x10E1;&#x10DB;.</subfield>
  </datafield>
  <datafield tag="653" ind1=" " ind2=" ">
    <subfield code="a">&#x10E1;&#x10D0;&#x10E1;&#x10D9;&#x10DD;&#x10DA;&#x10DD; &#x10F0;&#x10D8;&#x10D2;&#x10D8;&#x10D4;&#x10DC;&#x10D0; </subfield>
  </datafield>
  <datafield tag="700" ind1=" " ind2=" ">
    <subfield code="a">&#x10D2;&#x10DD;&#x10D1;&#x10E0;&#x10DD;&#x10DC;&#x10D8;&#x10EB;&#x10D4;, &#x10D0;&#x10DA;.</subfield>
    <subfield code="e">&#x10E0;&#x10D4;&#x10D3;&#x10D0;&#x10E5;&#x10E2;&#x10DD;&#x10E0;&#x10D8;</subfield>
    <subfield code="9">4660</subfield>
  </datafield>
  <datafield tag="942" ind1=" " ind2=" ">
    <subfield code="2">udc</subfield>
    <subfield code="c">&#x1CAC;&#x1C98;&#x1C92;&#x1C9C;&#x1C98;</subfield>
  </datafield>
  <datafield tag="952" ind1=" " ind2=" ">
    <subfield code="0">0</subfield>
    <subfield code="1">0</subfield>
    <subfield code="2">udc</subfield>
    <subfield code="4">0</subfield>
    <subfield code="6">6139550758_&#x10E1;90</subfield>
    <subfield code="7">0</subfield>
    <subfield code="9">99372</subfield>
    <subfield code="a">CPL</subfield>
    <subfield code="b">CPL</subfield>
    <subfield code="c">GEN</subfield>
    <subfield code="d">2024-06-24</subfield>
    <subfield code="g">0.50</subfield>
    <subfield code="o">613.955(075.8) &#x10E1;-90</subfield>
    <subfield code="p">68300</subfield>
    <subfield code="r">2024-06-24</subfield>
    <subfield code="t">68300</subfield>
    <subfield code="w">2024-06-24</subfield>
    <subfield code="y">&#x1CAC;&#x1C98;&#x1C92;&#x1C9C;&#x1C98;</subfield>
    <subfield code="z">0.50 &#x10D7;.</subfield>
  </datafield>
  <datafield tag="952" ind1=" " ind2=" ">
    <subfield code="0">0</subfield>
    <subfield code="1">0</subfield>
    <subfield code="2">udc</subfield>
    <subfield code="4">0</subfield>
    <subfield code="6">6139550758_&#x10E1;90</subfield>
    <subfield code="7">0</subfield>
    <subfield code="9">99375</subfield>
    <subfield code="a">CPL</subfield>
    <subfield code="b">CPL</subfield>
    <subfield code="c">GEN</subfield>
    <subfield code="d">2024-06-24</subfield>
    <subfield code="g">0.50</subfield>
    <subfield code="o">613.955(075.8) &#x10E1;-90</subfield>
    <subfield code="p">68299</subfield>
    <subfield code="r">2024-06-24</subfield>
    <subfield code="t">68299</subfield>
    <subfield code="w">2024-06-24</subfield>
    <subfield code="y">&#x1CAC;&#x1C98;&#x1C92;&#x1C9C;&#x1C98;</subfield>
    <subfield code="z">0 50 &#x10D7;.</subfield>
  </datafield>
</record>
